600 essential words for the TOEIC

Spremljeno u:
Bibliografski detalji
Glavni autor: Lougheed, Lin
Format: Knjiga
Jezik:Undetermined
Izdano: Thành phố Hồ Chí Minh Tổng hợp Thành phố Hồ Chí Minh 2014
Teme:
Oznake: Dodaj oznaku
Bez oznaka, Budi prvi tko označuje ovaj zapis!
Thư viện lưu trữ: Trung tâm Học liệu Trường Đại học Cần Thơ
LEADER 00555nam a2200181Ia 4500
001 CTU_200167
008 210402s9999 xx 000 0 und d
082 |a 428.0076 
082 |b L887/CD.2 
100 |a Lougheed, Lin 
245 0 |a 600 essential words for the TOEIC 
245 0 |c Lin Lougheed 
260 |a Thành phố Hồ Chí Minh 
260 |b Tổng hợp Thành phố Hồ Chí Minh 
260 |c 2014 
650 |a English language,Tiếng Anh 
904 |i Nguyên 
980 |a Trung tâm Học liệu Trường Đại học Cần Thơ